00473nam a2200145Ia 4500008004100000041000800041082001200049100002800061245001400089260004500103300003200148365001100180999001700191952011900208240624s9999 xx 000 0 und d aeng a828 RAM aRAMAMOHANARAO MAHIDHARA aSWARAJYAM c2012aNew DelhibOxford University Press axlii, : 358 : p. : cm. ; 22 cRSb32 c19412d19412 00104070aIMTNbIMTNcRack 43-Ad2012-09-03eIBHg495.00o828 RAMp19412r2024-06-24 00:00:00t1w2024-06-24yBK